| 000 | 01039nam a22003137a 4500 | ||
|---|---|---|---|
| 001 | BR0301442 | ||
| 003 | BR-BrBNA | ||
| 005 | 20230928101253.0 | ||
| 007 | ta | ||
| 008 | 230509b bl.||||| |||| 00| 0 por d | ||
| 040 |
_aBR-BrBNA _bpor _cBiblioteca Nacional de Agricultura |
||
| 041 | _a(Por) | ||
| 072 |
_aH20; F30 _b0210 _b1830 _b4110 |
||
| 090 | _ 0210 BR0301442 | ||
| 100 | 1 | _aBringel, J.M.M. | |
| 110 | 1 |
_aEscola Superior de Agricultura Luiz de Queiroz, Piracicaba, SP (Brasil) _0Tese (Doutor em Agronomia) |
|
| 245 | 1 | _aCaracterização bioquímica, patogênica e molecular de isolados de Ralstonia solanacearum Biovar 2 de batata e berinjela | |
| 260 | 3 |
_aPiracicaba, SP (Brasil): _c2002. |
|
| 300 | _a103 p. | ||
| 500 | _aSummaries (Eng, Por); Bibliography p. 87-103; 12 illus.; 8 tables | ||
| 650 | _aBATATA | ||
| 650 | _aBERINJELA | ||
| 650 | _aBACTERIA | ||
| 650 | _aMURCHA BACTERIANA | ||
| 650 | _aVARIAÇÃO GENÉTICA | ||
| 650 | _aHOSPEDEIRO VEGETAL | ||
| 909 |
_a202309 _bLucia _c55 _dLucia Elande |
||
| 942 | _cBK | ||
| 999 |
_c65018 _d65018 |
||